000 00617nmm a2200217 a 4500
003 AR-BaBNM
005 20251128205011.0
008 276019s1992 ||||||||||||||000 | spa||
020 _a950-02-6318-1
040 _cAR-BaBNM
245 1 0 _aDiccionario enciclopédico El Ateneo
_n3
260 _aBuenos Aires
_bEl Ateneo
_c1992
300 0 _ap. 1265-1888
_bil., mapas
500 1 _aContiene índices de láminas, mapas, láminas por temas y abreviaturas al comienzo del volumen
650 4 _aDICCIONARIOS
650 4 _aESPANOL
650 4 _aENCICLOPEDIAS
655 _aREFERENCIA
942 _cBK
998 _cGrace
999 _c9643
_d9643